000 00379nam a2200109Ia 4500
008 180305s9999 xx 000 0 und d
020 _a9711110431
100 _aPanopio, Isabel S.
245 _cIsabel S. Panopio, Realidad santico Rolda
_aSociety and Culture:
_bIntroduction to Sociology and Anthropology/
260 _aQuezon City :
_bJMC Press, INC
_c2003
300 _aiii,418 pages
999 _c356034
_d356034